Hunter Hayes - Wanted - Statistics

General Stats
  • This quiz has been taken 13 times
  • The average score is 166 of 278
Answer Stats
Lyric % Correct
be
100%
I
100%
I'm
100%
wanted
100%
when
100%
When
100%
and
75%
And
75%
do
75%
ever
75%
everything
75%
feel
75%
feel)
75%
hold
75%
kiss
75%
know
75%
make
75%
(Make
75%
wanna
75%
Wanna
75%
Yeah,
75%
You
75%
you
75%
all
50%
All
50%
always
50%
apart
50%
As
50%
as
50%
aside
50%
better
50%
Better
50%
'Cause
50%
don't
50%
fall
50%
girl,
50%
good
50%
green,
50%
hand
50%
how
50%
I'd
50%
it
50%
it's
50%
Like
50%
lips
50%
logic
50%
math
50%
me
50%
more
50%
need
50%
of
50%
Put
50%
sense
50%
than
50%
(Than
50%
that
50%
that's
50%
the
50%
up
50%
what
50%
with
50%
without
50%
wrap
50%
you'll
50%
your
50%
you're
50%
You're
50%
about
25%
baby,
25%
Baby,
25%
best
25%
But
25%
can
25%
dreams
25%
dreams)
25%
forever
25%
forget
25%
just
25%
let
25%
Makes
25%
makes
25%
never
25%
one
25%
time,
25%
too
25%
two
25%
Anyone
0%
beauty's
0%
call
0%
deeper
0%
fairy
0%
get
0%
gotta
0%
makeup
0%
mine
0%
pretty
0%
see
0%
show
0%
tales
0%
tales)
0%
tell
0%
tonight
0%
No matching quizzes found
Score Distribution
Percent of People with Each Score
Percentile by Number Answered
Your Score History
You have not taken this quiz